000 00626nam a2200229Ia 4500
003 OSt
005 20220928133040.0
006 a|||||r|||| 00| 0
007 ta
008 220927b |||||||| |||| 00| 0 eng d
024 _a89791
037 _cTextual
040 _aSDCL
_cSDCL
_beng
041 _2eng
_aeng
082 _aP152k, 111P6.1-.2 RR
100 _aBahri Hardev
_9418835
245 0 _aAdvanced learner's Hindi-English dictionary.
260 _aDelhi
_bRajpal
_c2006
490 _vV1 897p
942 _hP152k, 111P6.1-.2 RR
_cTEXL
_2CC
999 _c797503
_d797503